| 000 | 00343 a2200157 4500 | ||
|---|---|---|---|
| 001 | 58072 | ||
| 020 | _a8508067828 | ||
| 040 | _cAnchieta - Pituba | ||
| 100 | _aGarbuglio, José Carlos | ||
| 240 | 1 | 0 |
_aRoteiro de leitura _lpor |
| 245 | 1 | 0 | _aRoteiro de leitura |
| 300 | _a144 | ||
| 362 | 0 | _a1998 | |
| 650 | 4 | _aPoesia brasileira | |
| 942 | _cBK | ||
| 999 |
_c58072 _d58072 |
||